Kapitalistické monopoly a jejich boj čtyři studie

Uložené v:
Podrobná bibliografia
Médium: Kniha
Jazyk:Czech
Vydavateľské údaje: Praha Orbis 1950
Tagy: Pridať tag
Žiadne tagy, Buďte prvý, kto otaguje tento záznam!

MARC

LEADER 00000nam a2200000 4500
001 0308045
005 20250408134638.3
041 0 |a cze 
044 |a CZ 
245 1 0 |a Kapitalistické monopoly a jejich boj  |b čtyři studie 
264 1 |a Praha  |b Orbis  |c 1950